000
00344nam a2200169Ia 4500
100
_a
Payne/James
650
_a
Python
942
_c
BK
366
_f
20
654
_a
python
245
_a
Beginning python: using python 2.6 and python 3.1
260
_b
Wiley
_c
2010
082
_b
PAY
300
_a
588
546
_a
ENGLISH
999
_c
19679
_d
19679